|
|
|
|
| LEADER |
00000cam a2200000 7i4500 |
| 001 |
0000060430 |
| 005 |
20221108093000.0 |
| 008 |
090219s1998 pau eng |
| 020 |
|
|
|a 0723425558
|
| 020 |
|
|
|a 9780723425557
|
| 090 |
0 |
0 |
|a RC78.7.D53
|b W45 1998
|
| 090 |
0 |
0 |
|a WB 17
|b W45m 1998
|
| 100 |
1 |
|
|a Weir, Jamie ,
|e author
|
| 245 |
1 |
0 |
|a Mosby's atlas and text of clinical imaging
|c Jamie Weir, Alison D. Murray
|
| 246 |
3 |
0 |
|a Clinical imaging
|
| 260 |
|
|
|a London ; Chicago :
|b Mosby-Wolfe ,
|c c1998
|
| 300 |
|
|
|a x, 245 p. :
|b ill. ;
|c 28 cm.
|
| 440 |
|
0 |
|a Clinical imaging
|
| 504 |
|
|
|a Includes bibliographical references and index
|
| 505 |
0 |
|
|a 1. Thorax -- 2. Cardiovascular system -- 3. Gastrointestinal system -- 4. Liver, biliary system, pancreas and spleen -- 5. Urinary tract and testes -- 6. Obstetrics and gynaecology -- 7. Musculoskeletal system -- 8. Central nervous system -- 9. Head and neck -- 10. Breast and endocrine system -- 11. Appendix
|
| 650 |
|
0 |
|a Diagnostic imaging
|
| 650 |
|
0 |
|a Diagnostic imaging
|v Atlases
|
| 650 |
1 |
2 |
|a Diagnostic imaging
|
| 650 |
2 |
2 |
|a Diagnostic imaging
|v Atlases
|
| 700 |
1 |
|
|a Murray, Alison D. ,
|e author
|
| 999 |
|
|
|a 1000126724
|b Book
|c Reference
|e Medical Campus
|
| 999 |
|
|
|a 1000126725
|b Book
|c Reference
|e Medical Campus
|